ბათუმის შოთა რუსთაველის სახელმწიფო უნივერსიტეტის ბიბლიოთეკა

1000 neue Methoden: Praxismaterial für kreativen und aktivierenden Unterricht (ბიბ.ჩანაწერი № 51575)

000 -LEADER
fixed length control field 00611nam a2200229Ia 4500
001 - CONTROL NUMBER
control field 18566
003 - CONTROL NUMBER IDENTIFIER
control field GE_BSU
008 - FIXED-LENGTH DATA ELEMENTS--GENERAL INFORMATION
fixed length control field 181216s||||||||xx |||||||||||||| ||und||
010 ## - LIBRARY OF CONGRESS CONTROL NUMBER
LC control number 783407254665
040 ## - CATALOGING SOURCE
Transcribing agency GE_BSU
080 ## - UNIVERSAL DECIMAL CLASSIFICATION NUMBER
Universal Decimal Classification number 811.112(072)
100 ## - MAIN ENTRY--PERSONAL NAME
Personal name Gunther,Gugel
245 ## - TITLE STATEMENT
Title 1000 neue Methoden: Praxismaterial für kreativen und aktivierenden Unterricht
260 ## - PUBLICATION, DISTRIBUTION, ETC.
Place of publication, distribution, etc. (Berlin, Germany)
260 ## - PUBLICATION, DISTRIBUTION, ETC.
Name of publisher, distributor, etc. Beltz Verlag
260 ## - PUBLICATION, DISTRIBUTION, ETC.
Date of publication, distribution, etc. 2007
300 ## - PHYSICAL DESCRIPTION
Extent 223p;24cm
653 ## - INDEX TERM--UNCONTROLLED
Uncontrolled term 1000 neue Methoden
653 ## - INDEX TERM--UNCONTROLLED
Uncontrolled term გერმანული ენა
653 ## - INDEX TERM--UNCONTROLLED
Uncontrolled term მეთოდიკა
942 ## - ADDED ENTRY ELEMENTS (KOHA)
Koha item type წიგნი
ეგზემპლარები
Withdrawn status Lost status Damaged status Not for loan Date acquired Barcode Date last seen Price effective from Koha item type
        2018-12-17 47994 2018-12-17 2018-12-17 წიგნი